Διαχείριση αστικών στερεών αποβλήτων - εναλλακτικά σενάρια διαχείρισης στο δήμο Κορίνθου
Αποθηκεύτηκε σε:
| Κύριος συγγραφέας: | |
|---|---|
| Συγγραφή απο Οργανισμό/Αρχή: | |
| Άλλοι συγγραφείς: | , |
| Μορφή: | Thesis Βιβλίο |
| Γλώσσα: | Greek |
| Δημοσίευση: |
2010
|
| Θέματα: | |
| Διαθέσιμο Online: | http://hdl.handle.net/11610/15241 |
| Ετικέτες: |
Προσθήκη ετικέτας
Δεν υπάρχουν, Καταχωρήστε ετικέτα πρώτοι!
|
MARC
| LEADER | 00000cam a2200000 i 4500 | ||
|---|---|---|---|
| 001 | 1/15477 | ||
| 008 | 111007s2010 gre d | ||
| 035 | |l 10111000 | ||
| 040 | |a GR-MY-UA |b gre |e aacr | ||
| 041 | 0 | |a gre | |
| 082 | 0 | |a 628.44 |2 (22) | |
| 100 | 1 | |a Ταμπούκου, Ελένη. | |
| 245 | 1 | 0 | |a Διαχείριση αστικών στερεών αποβλήτων - εναλλακτικά σενάρια διαχείρισης στο δήμο Κορίνθου / |c Ταμπούκου Ελένη ; υπεύθυνος καθηγητής: Κωνσταντίνος Ευαγγελινός, συν επιβλέπουσα: Νικολέττα Τζόουνς |
| 260 | |c 2010 | ||
| 300 | |a 100 σ.; |c 30 εκ. | ||
| 500 | |a Βιβλιογραφία: σ. 60-66 | ||
| 502 | |a Διατριβή (μεταπτυχιακή) – Πανεπιστήμιο Αιγαίου, Λέσβος, 2010. | ||
| 650 | 0 | 0 | |a Integrated solid waste management. |
| 650 | 0 | |a Refuse and refuse disposal |z Greece |z Corinth. | |
| 650 | 0 | |a Refuse and refuse disposal |z Greece |z Corinth |x Management. | |
| 650 | 0 | 0 | |a Dissertations, Academic |z Greece. |
| 700 | 1 | |a Ευαγγελινός, Κωνσταντίνος. |4 ths | |
| 700 | 1 | |a Τζόουνς, Νικολέτα. |4 ths | |
| 710 | 2 | |a Πανεπιστήμιο Αιγαίου |b Σχολή Περιβάλλοντος |b Τμήμα Περιβάλλοντος |b Πρόγραμμα Μεταπτυχιακών Σπουδών Γεωργία και Περιβάλλον. | |
| 852 | |a INST |b LESVOS |c DIATR |e 20111007 |h 395 |p 005100051439 |q 005100051439 |t MTXE |y 23 | ||
| 852 | |a INST |b LESVOS |c DIATR |e 20111007 |h 396 |p 005100051438 |q 005100051438 |t MTXE |y 23 | ||
| 856 | |u http://hdl.handle.net/11610/15241 | ||
| 901 | |a BIBL1-2011-3 | ||
| 909 | |a Λ |b 171719 | ||
| 909 | |a Λ |b 171720 | ||
| 924 | |a ΤΑΜΠΟΥΚΟΥ |b ΕΛΕΝΗ |y ΛΕΣΒΟΣ |z 2010-11 | ||
| 970 | |a ΤΖΑΦΕΡΗ |b ΕΥΑΓΓΕΛΙΑ |z 2011/10/07 | ||